| 000 | 00533cam a2200181 i 4500 | ||
|---|---|---|---|
| 001 | 805822 | ||
| 005 | 20231130051502.0 | ||
| 008 | 760305s1974 enk b 000 0 eng | ||
| 020 | _a0903193051 : | ||
| 040 |
_aDLC _cDLC _dDLC |
||
| 082 | 0 | 0 |
_a301.4. _222 |
| 245 | 0 | 4 |
_aThe Women's movement in China : _ba selection of readings, 1949-1973 / _cedited by Elisabeth Croll. |
| 260 |
_aLondon : _bAnglo-Chinese Educational Institute, _c1974. |
||
| 300 | _aIX, 118 p. ; | ||
| 650 | 0 | _aFeminism | |
| 700 | 1 |
_aCroll, Elisabeth, _eedt |
|
| 942 | _cL | ||
| 999 |
_c103 _d103 |
||